| 000 | 00482nam a2200169Ia 4500 | ||
|---|---|---|---|
| 008 | 210210b2000 xxu||||| |||| 00| 0 eng d | ||
| 020 | _a81 250 1660 0 | ||
| 082 | _a820.30109 RAME | ||
| 100 | _aRAMANAN (Mohan) | ||
| 245 | _aEnglish and the Indian short story: essays in criticism | ||
| 260 |
_aHyderabad _bOrient Longman _c2000 |
||
| 300 | _ax,155 | ||
| 650 | _aEnglish Indian short stories | ||
| 690 | _aIndian English Criticism | ||
| 700 | _aSAILAJA (P) | ||
| 906 | _aSG03728 | ||
| 999 |
_c114400 _d114400 |
||